000 00674nam a22002417a 4500
001 BR8306582
003 BR-BrBNA
005 20230928091834.0
007 ta
008 230509b bl.||||| |||| 00| 0 por d
040 _aBR-BrBNA
_bpor
_cBiblioteca Nacional de Agricultura
041 _a(Por)
072 _aN20
090 _ N20 BR8306582
100 1 _aHornke, E.
245 1 _aGrade
_bApresentado no 1. Concurso de Equipamentos Agricolas Apropriados ao Pequeno Produtor Rural
260 3 _aSao Lourenco do Sul, RS (Brasil):
_c1983.
300 _a1 p.
650 _aTECNOLOGIA APROPRIADA
650 _aGRADE
909 _a202309
_bLucia
_c55
_dLucia Elande
942 _cBK
999 _c35805
_d35805